书目信息 |
| 题名: |
城镇燃气术语CJ/T 3085--1999
|
|
| 作者: | 中华人民共和国建设部 发布 | |
| 分册: | ||
| 出版信息: | 北京 中国标准出版社 2000.01 |
|
| 页数: | 44页 | |
| 开本: | 16开 | |
| 丛书名: | ||
| 单 册: | ||
| 中图分类: | TU996-65 | |
| 科图分类: | ||
| 主题词: | 城市--煤气--供应 | |
| 电子资源: | ||
| ISBN: | ||
| 000 | 00632nam0 2200193 45 | |
| 001 | 0009292128 | |
| 005 | 20000929210354.8 | |
| 010 | @d23.00元 | |
| 100 | @a20000929d2000 km y0chiy0120 ea | |
| 101 | 0 | @achi |
| 105 | @a z 000yy | |
| 200 | 1 | @a城镇燃气术语CJ/T 3085--1999@ACheng Zhen Ran Qi Shu Yu CJ/T 3085--1999@f中华人民共和国建设部发布@FZhong Hua Ren Min Gong He Guo Jian She Bu Fa Bu |
| 210 | @a北京@c中国标准出版社@d2000.01 | |
| 215 | @a44页@d16开 | |
| 606 | 0 | @a城市@x煤气@x供应 |
| 690 | @aTU996-65@v3 | |
| 701 | 0 | @a中华人民共和国建设部@4发布 |
| 801 | @aCN@bPftUser@c20000929 | |
| 905 | @b160296-315@dTU996-65@eZH:706/3@f20 | |
| 城镇燃气术语CJ/T 3085--1999/中华人民共和国建设部发布.-北京:中国标准出版社,2000.01 |
| 44页;16开 |
| ISBN :23.00元 |
| ● |
| 相关链接 |
|
|
|
正题名:城镇燃气术语CJ/T 3085--1999
索取号:TU996-65/ZH:706/3
 
预约/预借
| 序号 | 登录号 | 条形码 | 馆藏地/架位号 | 状态 | 备注 |
| 1 | 160296 | 201602961 | 建筑库201/201建筑库 137排1列5层/ [索取号:TU996-65/ZH:706/3] | 在馆 | |
| 2 | 160297 | 201602970 | 建筑库201/201建筑库 137排1列5层/ [索取号:TU996-65/ZH:706/3] | 在馆 | |
| 3 | 160298 | 201602989 | 建筑库201/201建筑库 137排1列5层/ [索取号:TU996-65/ZH:706/3] | 在馆 | |
| 4 | 160299 | 201602998 | 建筑库201/201建筑库 137排1列5层/ [索取号:TU996-65/ZH:706/3] | 在馆 | |
| 5 | 160300 | 201603005 | 建筑库201/201建筑库 137排1列5层/ [索取号:TU996-65/ZH:706/3] | 在馆 | |
| 6 | 160301 | 201603014 | 建筑库201/201建筑库 137排1列5层/ [索取号:TU996-65/ZH:706/3] | 在馆 | |
| 7 | 160302 | 201603023 | 建筑库201/201建筑库 137排1列5层/ [索取号:TU996-65/ZH:706/3] | 在馆 | |
| 8 | 160303 | 201603032 | 建筑库201/201建筑库 137排1列5层/ [索取号:TU996-65/ZH:706/3] | 在馆 | |
| 9 | 160304 | 201603041 | 建筑库201/201建筑库 137排1列5层/ [索取号:TU996-65/ZH:706/3] | 在馆 | |
| 10 | 160305 | 201603050 | 建筑库201/201建筑库 137排1列5层/ [索取号:TU996-65/ZH:706/3] | 在馆 | |
| 11 | 160306 | 201603069 | 建筑库201/201建筑库 137排1列5层/ [索取号:TU996-65/ZH:706/3] | 在馆 | |
| 12 | 160307 | 201603078 | 建筑库201/201建筑库 137排1列5层/ [索取号:TU996-65/ZH:706/3] | 在馆 | |
| 13 | 160308 | 201603087 | 建筑库201/201建筑库 137排1列5层/ [索取号:TU996-65/ZH:706/3] | 在馆 | |
| 14 | 160309 | 201603096 | 建筑库201/201建筑库 137排1列5层/ [索取号:TU996-65/ZH:706/3] | 在馆 | |
| 15 | 160310 | 201603103 | 建筑库201/201建筑库 137排1列5层/ [索取号:TU996-65/ZH:706/3] | 在馆 | |
| 16 | 160311 | 201603112 | 建筑库201/201建筑库 137排1列5层/ [索取号:TU996-65/ZH:706/3] | 在馆 | |
| 17 | 160312 | 201603121 | 建筑库201/201建筑库 137排1列5层/ [索取号:TU996-65/ZH:706/3] | 在馆 | |
| 18 | 160313 | 201603130 | 建筑库201/201建筑库 137排1列5层/ [索取号:TU996-65/ZH:706/3] | 在馆 | |
| 19 | 160314 | 201603149 | 自科二线404/404自科库 22排6列1层/ [索取号:TU996-65/ZH:706/3] | 在馆 | |
| 20 | 160315 | 201603158 | 建筑库201/201建筑库 137排1列5层/ [索取号:TU996-65/ZH:706/3] | 在馆 |